[Event "IMSA Blitz Men 2019"]
[Site "Hengshui"]
[Date "2019.05.17"]
[Round "4.2"]
[White "Rapport, Richard"]
[Black "Korobov, Anton"]
[Result "1/2-1/2"]
[WhiteElo "2736"]
[BlackElo "2687"]
[Annotator "ChessBase"]
[PlyCount "82"]
[EventDate "2019.05.17"]
[EventType "blitz"]
[EventCountry "CHN"]
[SourceTitle "playchess.com"]
[Source "ChessBase"]
[SourceQuality "1"]
[TimeControl "180+2"]

1. b3 {[%emt 0:00:00]} e5 {[%emt 0:00:05]} 2. Bb2 {[%emt 0:00:00]} Nc6 {[%emt 0:00:01]} 3. c4 {[%emt 0:00:01]} Nf6 {[%emt 0:00:04]} 4. Nf3 {[%emt 0:00:01]} e4 {[%emt 0:00:07]} 5. Nd4 {[%emt 0:00:01]} Bc5 {[%emt 0:00:04]} 6. Nf5 {[%emt 0:00:01]} O-O {[%emt 0:00:03]} 7. e3 {[%emt 0:00:01]} Re8 {[%emt 0:00:13]} 8. Nc3 {[%emt 0:00:02]} d5 {[%emt 0:00:21]} 9. cxd5 {[%emt 0:00:01]} Nb4 {[%emt 0:00:11]} 10. Ng3 {[%emt 0:00:02]} Bg4 {[%emt 0:00:20]} 11. Qc1 {[%emt 0:00:03]} Qe7 {[%emt 0:00:23]} 12. h3 {[%emt 0:00:10]} Bd7 {[%emt 0:00:05]} 13. Bc4 {[%emt 0:00:05]} h5 {[%emt 0:00:10]} 14. a3 {[%emt 0:00:19]} Nd3+ {[%emt 0:00:03]} 15. Bxd3 {[%emt 0:00:01]} exd3 {[%emt 0:00:01]} 16. Qd1 {[%emt 0:00:11]} g6 {[%emt 0:00:21]} 17. Qf3 {[%emt 0:00:09]} Bd6 {[%emt 0:00:07]} 18. Nb5 {[%emt 0:01:25]} Be5 {[%emt 0:00:06]} 19. Bxe5 {[%emt 0:00:03]} Qxe5 {[%emt 0:00:01]} 20. Nc3 {[%emt 0:00:00]} c6 {[%emt 0:00:14]} 21. O-O h4 22. Nh1 cxd5 23. Rac1 {[%emt 0:00:48]} Rac8 {[%emt 0:00:02]} 24. Qd1 {[%emt 0:00:13]} Ne4 {[%emt 0:00:01]} 25. f4 {[%emt 0:00:04]} Qd6 {[%emt 0:00:01]} 26. Nxe4 {[%emt 0:00:01]} dxe4 {[%emt 0:00:01]} 27. b4 {[%emt 0:00:07]} Rxc1 {[%emt 0:00:04]} 28. Qxc1 {[%emt 0:00:00]} Rc8 {[%emt 0:00:00]} 29. Qe1 {[%emt 0:00:00]} Qf6 {[%emt 0:00:08]} 30. Nf2 {[%emt 0:00:01]} Bf5 {[%emt 0:00:01]} 31. Nd1 {[%emt 0:00:01]} Rc2 {[%emt 0:00:02]} 32. Nc3 {[%emt 0:00:02]} a6 {[%emt 0:00:03]} 33. Kh2 {[%emt 0:00:09]} Kg7 {[%emt 0:00:01]} 34. Kg1 {[%emt 0:00:00]} Kg8 35. Kh2 b5 {[%emt 0:00:02]} 36. Kg1 {[%emt 0:00:02]} Kh7 {[%emt 0:00:04]} 37. Nd5 {[%emt 0:00:02]} Qd8 {[%emt 0:00:02]} 38. Nc3 {[%emt 0:00:01]} Kg8 {[%emt 0:00:05]} 39. Kh2 {[%emt 0:00:00]} Qe7 {[%emt 0:00:06]} 40. Kg1 {[%emt 0:00:02]} Qd8 {[%emt 0:00:03]} 41. Kh2 {[%emt 0:00:01]} Qe7 {[%emt 0:00:13]} 1/2-1/2

[Event "IMSA Blitz Men 2019"]
[Site "Hengshui"]
[Date "2019.05.17"]
[Round "4.2"]
[White "Andreikin, Dmitry"]
[Black "Dominguez Perez, Leinier"]
[Result "1-0"]
[WhiteElo "2722"]
[BlackElo "2750"]
[Annotator "RC"]
[PlyCount "61"]
[EventDate "2019.05.17"]
[EventType "blitz"]
[EventCountry "CHN"]
[SourceTitle "playchess.com"]
[Source "ChessBase"]
[SourceQuality "1"]
[TimeControl "180+2"]

1. d4 {[%emt 0:00:00]} Nf6 {[%emt 0:00:00]} 2. c4 {[%emt 0:00:00]} e6 {[%emt 0:00:00]} 3. Nf3 {[%emt 0:00:01]} d5 {[%emt 0:00:01]} 4. Nc3 {[%emt 0:00:01]} c5 {[%emt 0:00:00]} 5. cxd5 {[%emt 0:00:04]} Nxd5 {[%emt 0:00:02]} 6. e4 {[%emt 0:00:01]} Nxc3 {[%emt 0:00:01]} 7. bxc3 {[%emt 0:00:00]} cxd4 {[%emt 0:00:01]} 8. cxd4 {[%emt 0:00:01]} Bb4+ {[%emt 0:00:01]} 9. Bd2 {[%emt 0:00:01]} Bxd2+ {[%emt 0:00:01]} 10. Qxd2 {[%emt 0:00:01]} O-O {[%emt 0:00:01]} 11. Bc4 {[%emt 0:00:03]} b6 {[%emt 0:00:01]} 12. O-O {[%emt 0:00:04]} Nd7 {[%emt 0:00:14]} 13. Rfe1 {[%emt 0:00:03]} Bb7 {[%emt 0:00:02]} 14. Rad1 {[%emt 0:00:01]} Rc8 {[%emt 0:00:01]} 15. Bb3 {[%emt 0:00:01]} Re8 {[%emt 0:00:00]} 16. h3 {[%emt 0:00:07]} Nf6 {[%emt 0:00:06]} 17. Qf4 {[%emt 0:00:04]} Qc7 {[%emt 0:00:03]} 18. Ne5 {[%emt 0:00:03]} Re7 {[%emt 0:00:02]} 19. Qh4 {[%emt 0:00:10]} Ree8 {[%emt 0:00:34]} 20. Re3 {[%emt 0:00:13]} Qe7 {[%emt 0:00:10]} 21. d5 {[%emt 0:00:25]} Nxd5 {[%emt 0:00:19]} 22. Qxe7 {[%emt 0:00:01]} Nxe7 {[%emt 0:00:02]} 23. Rd7 {[%emt 0:00:02]} Ba8 {[%emt 0:00:33]} 24. Rf3 {[%emt 0:00:18]} Nc6 {[%emt 0:00:38]} 25. Nxf7 {[%emt 0:00:19]} Na5 {[%emt 0:00:27]} 26. Ng5 {[%emt 0:00:02]} h6 {[%emt 0:00:14]} 27. Bxe6+ {[%emt 0:00:13]} Kh8 {[%emt 0:00:00]} 28. Nf7+ {[%emt 0:00:05]} Kh7 {[%emt 0:00:01]} 29. Bf5+ {[%emt 0:00:12]} Kg8 {[%emt 0:00:00]} 30. Rg3 {[%emt 0:00:12]} Kf8 {[%emt 0:00:22]} 31. Nd6 {[%emt 0:00:03]} 1-0

[Event "IMSA Blitz Men 2019"]
[Site "Hengshui"]
[Date "2019.05.17"]
[Round "4.2"]
[White "Fedoseev, Vladimir"]
[Black "Jones, Gawain C B"]
[Result "0-1"]
[WhiteElo "2683"]
[BlackElo "2702"]
[Annotator "TA"]
[PlyCount "96"]
[EventDate "2019.05.17"]
[EventType "blitz"]
[EventCountry "CHN"]
[SourceTitle "playchess.com"]
[Source "ChessBase"]
[SourceQuality "1"]

{[%evp 16,96,5,7,18,14,13,-29,-17,-28,-12,-29,-12,-104,-81,-139,-68,-68,0,0,137,0,-7,-18,-8,-19,-8,-32,19,-33,-15,-8,0,-52,0,0,11,9,114,10,167,134,113,129,109,104,188,191,330,250,243,190,281,197,350,350,379,373,335,77,46,30,58,-45,0,-72,-84,-257,-255,-482,-420,-808,-236,-1462,-852,-1058,-918,-29989,-29990,-29990,-29991,-29991,-29991]} 1. Nf3 Nf6 2. b3 g6 3. Bb2 Bg7 4. g3 O-O 5. Bg2 d6 6. d4 c5 7. O-O cxd4 8. Nxd4 d5 9. Na3 Re8 {A49: 1 d4 Nf6 2 Nf3 g6 3 g3: Anti-King's Indian systems} (9... e5 10. Nf3 e4 11. Nd4 e3 12. f3 Re8 13. c4 h5 14. Ndc2 h4 15. cxd5 Qxd5 16. Qxd5 Nxd5 17. Bxg7 Kxg7 {1-0 (56) Burmakin,V (2627)-Mamedov,N (2614) Balaguer 2009}) 10. c4 e5 11. Nf3 d4 {Black has an edge.} 12. c5 Nfd7 $146 ({Predecessor:} 12... Nc6 13. Nc4 Bf8 14. b4 a6 15. a4 Bg4 16. b5 axb5 17. axb5 Rxa1 18. Bxa1 Bxf3 19. Bxf3 {1-0 (26) Assaubayeva,B (2372)-Guichard,P (2378) St Petersburg 2018}) 13. b4 a5 14. Nc4 (14. b5 $1 $11) 14... axb4 $17 15. Nd6 ({White should try} 15. e3) 15... Re7 (15... Rf8 $17 16. Qc2 Ra5) 16. Rc1 $15 h6 (16... Nc6 $15 17. Ng5 Nf6) 17. e3 $11 d3 (17... dxe3 $11 18. fxe3 Nc6) 18. Nd2 (18. Ne1 $16) 18... Nc6 19. N2e4 Kh7 20. Nxc8 Qxc8 21. Qxd3 Rxa2 (21... Qg8 $15 22. Qd6 Rxa2) 22. Qb3 (22. Qb1 $1 $11 Ra5 23. h4) 22... Ra5 $15 23. Nd6 Qc7 24. Qd5 ({Better is} 24. Bxc6 $11 bxc6 25. Qxb4) 24... Nf6 (24... f5 $15) 25. Qd2 $11 Ra2 26. Ra1 $36 {[%mdl 2048] White is pushing.} b3 (26... Rxa1 $11 27. Bxa1 (27. Rxa1 Rd7 $11) 27... h5) 27. Qc3 ({White should play} 27. Rxa2 $1 $16 bxa2 28. Ba3) 27... Nd8 $2 (27... Nd7 $1 $11) 28. Nb5 (28. Qxb3 Rxa1 29. Rxa1 Qxc5 $16) 28... Qc8 29. Qxb3 Rxa1 30. Rxa1 Rd7 (30... Nd7 $16 {is a better defense.}) 31. Rc1 $18 ({Resist} 31. Bxe5 $6 Qxc5 32. Qb2 Ne8 $14) 31... Nc6 (31... Ne6 {was necessary.} 32. Bxe5 Ne8) 32. Nd6 Qc7 33. Ba3 Qa5 (33... e4 $142 34. Bb2 (34. Nxe4 Nxe4 35. Bxe4 Qd8 $16) 34... Nd8) 34. h3 h5 $2 (34... Qd2 {might work better.} 35. Bb2 (35. Nxf7 Rd3 $18) 35... Qe2) 35. Nxb7 Rxb7 36. Qxb7 Qxa3 {[#]} 37. Rb1 $2 (37. Rd1 $1 $18 {is the precise move to win.}) 37... Nd8 $16 38. Qb6 {[%mdl 1024] White has compensation.} Qd3 39. Bf3 (39. c6 $14 Ne6 40. Qb3) 39... e4 40. Rd1 (40. Be2 $11 {remains equal.} Qc2 41. Bd1) 40... Qc2 $17 41. Bxh5 $2 (41. Be2 $17 Ne6 42. Kf1) 41... Ne6 $19 ({Not} 41... Nxh5 42. Qxd8 Qxc5 43. Rd5 $11) 42. Bxg6+ $2 (42. Qb1 Qxb1 {[#]} 43. Bxg6+ $1 {[%mdl 512]} fxg6 44. Rxb1) 42... Kxg6 43. Rd6 (43. Rf1 $142) 43... Qxc5 $2 (43... Ng5 44. Qd8 Nf3+ 45. Kf1 Qxc5) 44. Qb8 $2 (44. Qxc5 Nxc5 45. Rc6) 44... Qe5 45. Qb6 Ng5 46. h4 Nf3+ {Black mates.} 47. Kg2 Qa1 48. h5+ Kh7 {Accuracy: White = 35%, Black = 26%.} 0-1

[Event "IMSA Blitz Men 2019"]
[Site "Hengshui"]
[Date "2019.05.17"]
[Round "4.2"]
[White "Gelfand, Boris"]
[Black "Wang, Hao"]
[Result "1-0"]
[WhiteElo "2676"]
[BlackElo "2735"]
[Annotator "TA"]
[PlyCount "86"]
[EventDate "2019.05.17"]
[EventType "blitz"]
[EventCountry "CHN"]
[SourceTitle "playchess.com"]
[Source "ChessBase"]
[SourceQuality "1"]

{[%evp 12,86,6,-4,12,21,20,14,14,3,4,8,25,-33,-33,-47,-40,-84,-69,-65,-24,-74,-8,-20,0,0,46,59,50,52,160,160,147,160,158,140,151,144,149,137,138,113,115,110,135,66,81,75,112,42,266,0,0,0,0,0,110,92,97,110,233,210,210,186,210,201,1169,366,343,321,363,312,311,268,701,703,645]} 1. d4 Nf6 2. Nf3 d5 3. c4 e6 4. g3 Be7 5. Bg2 O-O 6. Qc2 c5 7. dxc5 d4 {E06: Closed Catalan: Early deviations} (7... Qa5+ 8. Nc3 dxc4 9. O-O Nc6 10. Bg5 Qxc5 11. Bxf6 gxf6 12. Rfd1 f5 13. e4 Bf6 14. Rab1 Nb4 15. Qe2 Nd3 16. Ne1 Nxe1 17. Rxe1 {½-½ (40) Matlakov,M (2683)-Bacrot,E (2678) Bastia 2018}) 8. b4 {[%cal Bb2b4,Bb4b5][%mdl 32]} a5 9. b5 Bxc5 {The position is equal.} 10. O-O $146 ({Predecessor:} 10. Nbd2 Re8 11. Nb3 Bb4+ 12. Bd2 Bxd2+ 13. Nfxd2 e5 14. O-O Qc7 15. a4 {½-½ (31) Horvath,C (2497)-Godart,F (2376) Belgium 2017}) 10... Nbd7 11. Nbd2 a4 12. Bb2 (12. Ne4 $11) 12... e5 $15 13. Rae1 h6 14. e3 {[#]} dxe3 $1 15. fxe3 Re8 16. Kh1 Qb6 (16... a3 $17 17. Bc1 Qc7) 17. Nh4 $11 Nf8 18. Nf5 Ng6 19. Ne4 Nxe4 20. Bxe4 Be6 {[#]} ({Black should play} 20... Bxf5 $14 21. Bxf5 (21. Rxf5 f6 $14) 21... Nf8) 21. Nxh6+ $1 $16 {[%mdl 576] Discovered Attack} gxh6 22. Bxg6 Qc7 23. Bf5 a3 24. Ba1 Bf8 25. Bxe6 Rxe6 26. Qe4 Rc8 {[#]} 27. Rc1 $1 b6 28. Rf5 $40 {[%mdl 128] White has some attack.} (28. Rfd1 $16) 28... Bg7 $14 29. g4 Rd8 30. Rcf1 (30. Bc3 $16) 30... Rd2 $2 ({Black should try} 30... Re7 $14) 31. R5f2 $2 (31. Rxf7 $18 Re7 32. Rxe7 Qxe7 33. Bc3) 31... Red6 $11 {...Rxf2 is the strong threat.} 32. Bc3 Rxf2 33. Rxf2 {And now Bb4 would win.} Qd7 (33... Rd1+ $11 {remains equal.} 34. Kg2 Rc1 35. Qa8+ {[%mdl 64] Double Attack} Kh7) 34. Bb4 Rd1+ 35. Kg2 Rd3 (35... Bf8 $16 {was necessary.} 36. Bc3 Bg7) 36. h3 Bf8 37. Bxf8 Kxf8 38. Qxe5 $18 {[%mdl 4096] Endgame Hoping for Qh8+. KQR-KQR} Kg8 $2 (38... Rd2 39. Qh8+ Ke7 40. Qf6+ (40. Qxh6 Rxf2+ 41. Kxf2 Qd2+ 42. Kf3 Qxa2 $11) 40... Ke8) 39. Qb8+ $2 (39. Rf6 Kh7 40. Rxb6) 39... Kg7 40. Qxb6 Qe7 {If Black can now play ...Qe4+ this consolidates a bit.} 41. Qc6 Rxe3 42. Qd5 Qc7 $2 (42... f6 43. b6 Re5) 43. Qd4+ Re5 {Accuracy: White = 33%, Black = 36%.} 1-0

[Event "IMSA Blitz Men 2019"]
[Site "Hengshui"]
[Date "2019.05.17"]
[Round "4.2"]
[White "Ponomariov, Ruslan"]
[Black "Vidit, Santosh Gujrathi"]
[Result "0-1"]
[WhiteElo "2675"]
[BlackElo "2707"]
[Annotator "TA"]
[PlyCount "92"]
[EventDate "2019.05.17"]
[EventType "blitz"]
[EventCountry "CHN"]
[SourceTitle "playchess.com"]
[Source "ChessBase"]
[SourceQuality "1"]

{[%evp 14,92,38,32,30,-6,32,7,87,0,0,0,0,7,69,69,101,107,156,131,146,131,204,193,231,217,249,244,266,128,158,167,315,304,388,266,241,229,192,215,208,150,134,120,122,98,105,78,68,69,131,132,154,136,29989,176,179,175,137,0,29989,130,615,102,1487,-19,-13,-104,-78,-134,-112,-276,-282,-258,-197,-620,-451,-376,-208,-1085,-1066]} 1. e4 c5 2. Nf3 d6 3. d4 cxd4 4. Nxd4 Nf6 5. Nc3 a6 6. h3 e6 7. g4 Be7 8. Bg2 Nfd7 {B81: Sicilian Scheveningen: Keres Attack} 9. b3 (9. Be3 Nc6 10. h4 O-O 11. g5 Nde5 12. Qe2 Nxd4 13. Bxd4 Nc6 14. Be3 Bd7 15. f4 {½-½ (30) Dominguez Perez,L (2739)-Grischuk,A (2766) Saint Louis 2018}) 9... Qc7 $146 ({Predecessor:} 9... Nc6 10. Bb2 O-O 11. Nce2 Nxd4 12. Nxd4 Qa5+ 13. Qd2 Qxd2+ 14. Kxd2 Ne5 15. Rae1 Bg5+ 16. Kd1 {½-½ (41) Jurcik,M (2469)-Ftacnik,L (2566) Prievidza 2014}) 10. Bb2 b5 (10... O-O $11 {keeps the balance.}) 11. Qd2 (11. Nf5 $1 $16) 11... Bb7 $11 12. O-O-O Nc5 13. a3 Nbd7 (13... O-O $11) 14. Kb1 O-O 15. f4 Rab8 16. g5 Rfe8 17. h4 Bf8 (17... Qb6 $16 18. h5 b4) 18. h5 $18 e5 19. Nf5 exf4 20. Qxf4 Ne5 21. Nd5 (21. Qg3 $18 {and White stays clearly on top.}) 21... Bxd5 $16 22. exd5 Rbc8 (22... b4 $142) 23. Rd2 g6 24. Nh6+ Bxh6 25. gxh6 {Qf6 is the strong threat.} Qe7 26. Bh3 $40 {[%mdl 128] Black is in trouble.} Rcd8 27. hxg6 hxg6 28. h7+ Kh8 29. Re1 f6 30. Rf2 Rf8 31. Rg1 Qf7 ({Black should play} 31... a5 $14) 32. b4 Na4 33. Be6 Qc7 $2 {[%mdl 8192] [#]} (33... Qg7 $16) 34. Bd4 $2 (34. Rxg6 $1 {[%mdl 512]} Nxg6 35. Bxf6+ Rxf6 {[%mdl 64] Remove Defender} 36. Qxf6+ {[%mdl 64] Double Attack} Qg7 37. Qxd8+ {[%mdl 64] Double Attack} Qf8 38. Rxf8+ Kxh7 39. Rf3) 34... Nc3+ $18 35. Kb2 $1 Na4+ 36. Kb1 (36. Ka1 $16) 36... a5 $2 {[%mdl 8192]} (36... Nc3+ $11 37. Kb2 g5) 37. Qd2 $2 (37. Rxg6 {mates} Nc3+ 38. Bxc3 Nxg6 39. Bxf6+ {[%mdl 64] Double Attack} Qg7 40. Bxg7+ {[%mdl 64] Discovered Attack} Kxg7 41. h8=B+ $1 {[%mdl 512]} Nxh8 42. Qd4+ Kh7 43. Rh2+ Kg6 44. Rg2+ Kh5 45. Qg4+ Kh6 46. Qh4#) 37... axb4 $2 {[%mdl 8192] [#]} (37... Qg7 $16 38. bxa5 Nc5) 38. Qxb4 $2 (38. Bxe5 $1 $18 {and the rest is easy.} Qg7 39. Bd4 Nc3+ 40. Bxc3 bxc3 41. Qxc3) 38... g5 $2 {[%mdl 8192] [#]} (38... Qc4 $16) 39. Bf5 $2 (39. Rxg5 $1 $18 {[%mdl 512] White threatens Bxe5 and mate.} Qxh7 (39... fxg5 40. Bxe5+) 40. Rg3) 39... Nb6 40. Rff1 ({Don't go for} 40. Qxb5 $2 Nbc4 $19) (40. Bxe5 $11 dxe5 41. Be6) 40... Nbc4 {Strongly threatening ...Ra8.} 41. Rg3 ({White should try} 41. Bd3) 41... Ra8 $17 {Hoping for ...Ra4.} 42. Rb3 $2 (42. Kc1 $17) 42... Ra4 $19 43. Qc3 Rfa8 44. Bxe5 $2 (44. Kc1) 44... dxe5 45. Bd3 Qd6 (45... Qg7 $142 46. d6 Nxa3+ 47. Kc1 Nc4 48. Bxc4 bxc4) 46. Bxc4 $2 (46. Kc1) 46... bxc4 {Accuracy: White = 31%, Black = 33%.} ({Not} 46... Rxc4 47. Qf3 $17) 0-1

[Event "IMSA Blitz Men 2019"]
[Site "Hengshui"]
[Date "2019.05.17"]
[Round "4.2"]
[White "Leko, Peter"]
[Black "Le, Quang Liem"]
[Result "1-0"]
[WhiteElo "2674"]
[BlackElo "2704"]
[Annotator "TA"]
[PlyCount "81"]
[EventDate "2019.05.17"]
[EventType "blitz"]
[EventCountry "CHN"]
[SourceTitle "playchess.com"]
[Source "ChessBase"]
[SourceQuality "1"]

{[%evp 11,81,17,25,16,41,7,51,6,41,46,35,0,35,21,21,21,23,0,0,0,22,-10,64,-72,-72,-84,-35,-56,-28,-76,37,25,13,17,20,17,3,0,0,0,0,40,30,0,55,55,63,24,88,90,151,150,253,249,1099,1094,1343,1328,2135,2116,2114,1931,1436,1020,29986,29986,29987,3110,29992,29990,29990,29991]} 1. e4 c5 2. Nf3 Nc6 3. Bb5 g6 4. Bxc6 dxc6 5. d3 Bg7 6. h3 e5 7. a4 {B31: Sicilian: 2...Nc6 3 Bb5 g6} (7. a3 a5 8. Be3 Qe7 9. Nbd2 Nf6 10. Nc4 Nd7 11. a4 b6 12. Qd2 Ba6 13. Bh6 Bxh6 14. Qxh6 Bxc4 15. dxc4 O-O-O 16. O-O-O Nf6 17. Qg5 Rxd1+ 18. Rxd1 Re8 19. Qe3 h5 20. Ng5 Nd7 21. Nf3 {½-½ (21) Quesada Perez,Y (2619)-Cori Tello,J (2657) Saint Louis 2017}) 7... Qe7 8. a5 Nh6 9. Nbd2 $146 {White is slightly better.} ({Predecessor:} 9. Be3 f6 10. Qd2 Nf7 11. Qc3 Bf8 12. Nbd2 Nd8 13. O-O Ne6 14. a6 b6 {0-1 (66) Rostgaard,T (2348)-Nilssen,J (2316) Kolding 2017}) 9... O-O 10. Nc4 f6 11. b3 Be6 12. Be3 Nf7 13. Qc1 Rfd8 14. Nfd2 f5 {Threatens to win with ...f4.} 15. Qa3 Bf8 {...f4 is the strong threat.} 16. f3 Rab8 (16... f4 $11 17. Bf2 Rab8) 17. O-O (17. exf5 $1 $14 gxf5 18. O-O) 17... f4 $17 18. Bf2 g5 19. Rfb1 h5 20. Kf1 g4 (20... b6 $17 21. axb6 axb6) 21. hxg4 $14 hxg4 22. fxg4 Bxg4 23. Nf3 {With the idea Bh4.} Qe6 24. Ke2 b5 25. axb6 $1 axb6 26. Qa7 b5 27. Ncd2 Qd6 (27... Bd6 $11) 28. Rh1 Rd7 29. Qa6 Qg6 (29... Nh6 $11 {remains equal.}) 30. Rag1 $16 Ng5 (30... Rdd8 $142) 31. Rh4 Ne6 (31... Bxf3+ $16 32. gxf3 Rg7) 32. Kf1 Rg7 $2 (32... Qg7 33. g3 Ra7 34. Qxc6 Nd8 35. Qd5+ {[%mdl 64] Double Attack} Be6) 33. Nxe5 $18 {[%mdl 64] [#] Double Attack} Qf6 34. Nxg4 Qc3 35. Nh6+ Kh7 36. Nf5+ Kg8 37. Ke2 Qxc2 38. Qxc6 Rg6 {[#]} 39. Qd7 (39. Rg4 $142 $1 {[%mdl 512]} f3+ (39... Rxg4 40. Qxe6+) 40. gxf3 Kh7 41. Qd7+ Kh8 42. Rxg6 Nf4+ 43. Ke3 Qxd3+ 44. Qxd3) 39... Ng7 40. Nh6+ Rxh6 41. Rxh6 {Accuracy: White = 54%, Black = 15%.} 1-0

[Event "IMSA Blitz Men 2019"]
[Site "Hengshui"]
[Date "2019.05.17"]
[Round "4.2"]
[White "Mamedov, Rauf"]
[Black "Cheparinov, Ivan"]
[Result "1/2-1/2"]
[WhiteElo "2650"]
[BlackElo "2667"]
[Annotator "RC"]
[PlyCount "72"]
[EventDate "2019.05.17"]
[EventType "blitz"]
[EventCountry "CHN"]
[SourceTitle "playchess.com"]
[Source "ChessBase"]
[SourceQuality "1"]
[TimeControl "180+2"]

1. e4 {[%emt 0:00:00]} c6 {[%emt 0:00:00]} 2. d4 {[%emt 0:00:03]} d5 {[%emt 0:00:00]} 3. Nd2 {[%emt 0:00:01]} dxe4 {[%emt 0:00:01]} 4. Nxe4 {[%emt 0:00:01]} Nf6 {[%emt 0:00:01]} 5. Nxf6+ {[%emt 0:00:01]} exf6 {[%emt 0:00:01]} 6. c3 {[%emt 0:00:01]} Bd6 {[%emt 0:00:01]} 7. Bd3 {[%emt 0:00:01]} O-O {[%emt 0:00:03]} 8. Qc2 {[%emt 0:00:01]} Re8+ {[%emt 0:00:01]} 9. Ne2 {[%emt 0:00:01]} h5 {[%emt 0:00:01]} 10. Be3 {[%emt 0:00:12]} Nd7 {[%emt 0:00:04]} 11. Ng3 {[%emt 0:00:01]} Bf4 {[%emt 0:00:49]} 12. O-O-O {[%emt 0:00:12]} Bxe3+ {[%emt 0:00:10]} 13. fxe3 {[%emt 0:00:01]} Rxe3 {[%emt 0:00:01]} 14. Rde1 {[%emt 0:00:30]} Rxe1+ {[%emt 0:00:02]} 15. Rxe1 {[%emt 0:00:00]} Nf8 {[%emt 0:00:03]} 16. Nxh5 {[%emt 0:00:12]} Bg4 {[%emt 0:00:02]} 17. Nf4 {[%emt 0:00:27]} Qd6 {[%emt 0:00:04]} 18. g3 {[%emt 0:00:01]} Ne6 {[%emt 0:00:06]} 19. Ng2 {[%emt 0:00:01]} Nc7 {[%emt 0:00:10]} 20. Ne3 {[%emt 0:00:03]} Bd7 {[%emt 0:00:01]} 21. Nc4 {[%emt 0:00:27]} Qf8 {[%emt 0:00:04]} 22. Bf5 {[%emt 0:00:02]} Re8 {[%emt 0:00:15]} 23. Rxe8 {[%emt 0:00:03]} Qxe8 {[%emt 0:00:01]} 24. Bxd7 {[%emt 0:00:01]} Qxd7 {[%emt 0:00:02]} 25. Qe2 {[%emt 0:00:05]} Nd5 {[%emt 0:00:04]} 26. a3 {[%emt 0:00:04]} g6 {[%emt 0:00:01]} 27. Na5 {[%emt 0:00:06]} Kg7 {[%emt 0:00:04]} 28. Nb3 {[%emt 0:00:01]} b6 {[%emt 0:00:05]} 29. Nd2 {[%emt 0:00:01]} Qf5 {[%emt 0:00:04]} 30. Qf3 {[%emt 0:00:14]} Qe6 {[%emt 0:00:04]} 31. Qe4 {[%emt 0:00:11]} Qd7 {[%emt 0:00:00]} 32. Qe2 {[%emt 0:00:15]} Qf5 {[%emt 0:00:04]} 33. Qf3 {[%emt 0:00:01]} Qe6 {[%emt 0:00:01]} 34. Qe4 {[%emt 0:00:05]} Qd7 {[%emt 0:00:01]} 35. Qe2 {[%emt 0:00:07]} Qf5 {[%emt 0:00:02]} 36. Qf3 {[%emt 0:00:10]} Qe6 {[%emt 0:00:01]} 1/2-1/2

[Event "IMSA Blitz Men 2019"]
[Site "Hengshui"]
[Date "2019.05.17"]
[Round "5.1"]
[White "Rapport, Richard"]
[Black "Leko, Peter"]
[Result "1/2-1/2"]
[WhiteElo "2736"]
[BlackElo "2674"]
[Annotator "TA"]
[PlyCount "60"]
[EventDate "2019.05.17"]
[EventType "blitz"]
[EventCountry "CHN"]
[SourceTitle "playchess.com"]
[Source "ChessBase"]
[SourceQuality "1"]

{[%evp 27,60,14,25,13,35,35,30,34,27,39,37,33,39,39,39,43,54,51,54,47,55,55,55,53,57,31,52,0,56,0,52,0,57,0,55]} 1. e4 e5 2. Nf3 Nc6 3. Nc3 Nf6 4. d4 exd4 5. Nxd4 Bb4 6. Nxc6 bxc6 7. Bd3 O-O 8. O-O d5 9. exd5 cxd5 10. Bg5 c6 11. Qf3 h6 12. Bxf6 Qxf6 13. Qxf6 gxf6 14. Ne2 Bd6 15. Rad1 {C47: Scotch Four Knights and Four Knights with 4 g3} (15. Rae1 {seems wilder.} c5 16. Ng3 Rb8 17. b3 Rd8 18. Nf5) (15. Nd4 c5 16. Nf5 Bxf5 17. Bxf5 Be5 18. Rad1 Bxb2 19. Rxd5 Bd4 20. c3 Bxc3 21. Rxc5 Bd4 22. Rc4 Rfd8 23. Rfc1 Bb6 24. Rc8 Raxc8 25. Rxc8 Rxc8 26. Bxc8 {½-½ (26) Ganguly,S (2650)-Harikrishna,P (2744) Riadh 2017}) 15... Bg4 (15... Be5 {with more complications.} 16. c3 Re8 17. Ng3 Kf8 18. b3 Bd7) 16. h3 Bxe2 17. Bxe2 {White has an edge.} Rab8 18. b3 Rfe8 19. Bg4 Re7 20. Rfe1 Rxe1+ 21. Rxe1 $14 {[%mdl 4096] Endgame KRB-KRB} Rd8 $146 ({Predecessor:} 21... Kf8 22. Kf1 Re8 23. Rxe8+ Kxe8 {½-½ (32) El Adnani,M (2363)-Haddouche,M (2438) Abidjan 2018}) 22. Kf1 Kf8 23. Bf5 Re8 24. Rxe8+ Kxe8 {KB-KB} 25. Ke2 Ke7 26. Kd3 Bc5 27. Ke2 Bd6 $1 28. Kd3 Bc5 29. Ke2 Bd6 $1 30. Kd3 Bc5 {Accuracy: White = 44%, Black = 50%.} 1/2-1/2

[Event "IMSA Blitz Men 2019"]
[Site "Hengshui"]
[Date "2019.05.17"]
[Round "5.1"]
[White "Wang, Hao"]
[Black "Mamedov, Rauf"]
[Result "1-0"]
[WhiteElo "2735"]
[BlackElo "2650"]
[Annotator "TA"]
[PlyCount "47"]
[EventDate "2019.05.17"]
[EventType "blitz"]
[EventCountry "CHN"]
[SourceTitle "playchess.com"]
[Source "ChessBase"]
[SourceQuality "1"]

{[%evp 25,47,16,22,18,6,22,36,12,39,47,41,0,35,40,51,51,88,58,57,60,54,54,946,945]} 1. e4 c5 2. Nf3 d6 3. d4 Nf6 4. Nc3 cxd4 5. Nxd4 g6 6. Be3 Bg7 7. f3 Nc6 8. Qd2 O-O 9. O-O-O d5 10. Qe1 e5 11. Nxc6 bxc6 12. exd5 Nxd5 13. Bc4 Be6 14. Kb1 {B76: Sicilian Dragon: Yugoslav Attack, 9 g4 and 9 0-0-0} a5 (14... Rb8 15. Ne4 Qc7 16. Bc5 Rfd8 17. g4 h6 18. Bb3 a5 19. Rg1 Rd7 20. h4 Rbd8 21. a4 Nf4 22. Rxd7 Rxd7 23. Bxe6 Nxe6 {½-½ (32) Anand,V (2776)-Nakamura,H (2787) Moscow 2018}) 15. Ne4 a4 $146 ({Predecessor:} 15... Re8 16. g4 Rb8 17. Bc5 a4 18. g5 Qd7 19. Ba3 Qa7 20. Bxd5 cxd5 21. Nf6+ Bxf6 22. gxf6 {0-1 (40) Fier,A (2583)-Beradze,I (2452) Tbilisi 2017}) 16. g4 {White is slightly better.} Qc7 17. Bc5 Rfd8 18. g5 Nf4 19. Bxe6 Nxe6 20. Bd6 Qb7 21. Nf6+ Bxf6 22. gxf6 c5 23. Qe3 Nd4 $2 {[%mdl 8192] [#]} (23... a3 $14 24. b3 Rd7 25. Bxe5 (25. Qxe5 Qxf3 26. Rdf1 Qc6 $15) 25... Rad8 26. Rxd7 Qxd7) 24. Rxd4 $1 {[%mdl 512] Accuracy: White = 48%, Black = 32%.} 1-0